Free enterprise in India - a call for leadership (Record no. 479328)

000 -LEADER
fixed length control field 00344cam a22001217a 4500
008 - FIXED-LENGTH DATA ELEMENTS--GENERAL INFORMATION
fixed length control field 180718b1961 xxu||||| |||| 00| 0 eng d
082 ## - DEWEY DECIMAL CLASSIFICATION NUMBER
Classification number U F779f
100 ## - MAIN ENTRY--PERSONAL NAME
Personal name Shroff, A.D.
245 ## - TITLE STATEMENT
Title Free enterprise in India - a call for leadership
Statement of responsibility, etc. by A.D. Shroff
260 ## - PUBLICATION, DISTRIBUTION, ETC.
Place of publication, distribution, etc. Bombay
Name of publisher, distributor, etc. The Forum
Date of publication, distribution, etc. 1961
300 ## - PHYSICAL DESCRIPTION
Extent 16p.
650 ## - SUBJECT ADDED ENTRY--TOPICAL TERM
Topical term or geographic name entry element Government and Business
Holdings
Withdrawn status Lost status Damaged status Not for loan Permanent Location Current Location Date acquired Full call number Barcode Date last seen Price effective from Koha item type
        Indian Institute of Public Administration Indian Institute of Public Administration 2018-08-04 U F779f GR5555 2018-08-04 2018-08-04 GR

Powered by Koha